[Event "HUN-chT2 Breyer 1617"]
[Site "Hungary"]
[Date "2017.03.12"]
[Round "8.7"]
[White "Tessedik, Karoly"]
[Black "Drexler, Mihaly"]
[Result "0-1"]
[WhiteElo "1833"]
[BlackElo "1899"]
[PlyCount "112"]
[EventDate "2016.10.30"]
[EventType "team-tourn"]
[EventRounds "9"]
[EventCountry "HUN"]
[SourceTitle "EXT 2021"]
[Source "ChessBase"]
[SourceDate "2020.10.23"]
[SourceVersion "1"]
[SourceVersionDate "2020.10.23"]
[SourceQuality "1"]
[WhiteTeam "Torokbalint"]
[BlackTeam "Nyergesujfalu"]
[WhiteTeamCountry "HUN"]
[BlackTeamCountry "HUN"]

1. d4 Nf6 2. c4 e6 3. Nc3 b6 4. Nf3 Bb7 5. a3 Be7 6. h3 0-0 7. Bf4 d5 8. e3 Nbd7 9. Rc1 c5 10. cxd5 Nxd5 11. Nxd5 Bxd5 12. Bd3 Nf6 13. 0-0 Ne4 14. dxc5 Bxc5 15. Qc2 Nf6 16. Rfd1 Qe7 17. e4 e5 18. Bxe5 Be6 19. b4 Bxb4 20. axb4 Qxb4 21. Bc3 Qe7 22. Qb2 Rfd8 23. Bb1 Rac8 24. Nd4 Bd7 25. f3 Nh5 26. Ne2 Qg5 27. Bd2 Qh4 28. Rxc8 Bxc8 29. Qc2 Bxh3 30. Be1 Rxd1 31. Qxd1 Qg5 32. g4 g6 33. Qd2 Qf6 34. Qc3 Qg5 35. Qc8+ Kg7 36. Bc3+ Nf6 37. Bxf6+ Qxf6 38. Qc3 h5 39. gxh5 gxh5 40. Kh2 Be6 41. Qxf6+ Kxf6 42. Nf4 Kg5 43. Nxe6+ fxe6 44. Kg3 e5 45. Bd3 h4+ 46. Kf2 Kf4 47. Kg2 a5 48. Kh3 Kxf3 49. Kxh4 Ke3 50. Bc2 b5 51. Kg4 a4 52. Kf5 Kd4 53. Ke6 a3 54. Bb3 Kxe4 55. Kd6 Kd4 56. Kc6 b4 0-1

[Event "HUN-chT2 Breyer 0910"]
[Site "Hungary"]
[Date "2010.01.31"]
[Round "5"]
[White "Drexler, Mihaly"]
[Black "Pallag, Gergely"]
[Result "1/2-1/2"]
[WhiteElo "1925"]
[BlackElo "2030"]
[PlyCount "93"]
[EventDate "2009.11.08"]
[EventType "team-tourn"]
[EventRounds "11"]
[EventCountry "HUN"]
[SourceTitle "EXT 2011"]
[Source "ChessBase"]
[SourceDate "2010.11.26"]
[SourceVersion "1"]
[SourceVersionDate "2010.11.26"]
[SourceQuality "1"]
[WhiteTeam "Zoltek"]
[BlackTeam "Kisber Aszar"]
[WhiteTeamCountry "HUN"]
[BlackTeamCountry "HUN"]

1. e4 e6 2. d4 d5 3. exd5 exd5 4. Nf3 Bd6 5. Be2 Nf6 6. 0-0 0-0 7. Bg5 Re8 8. Re1 Bg4 9. Nc3 c6 10. Ne5 Bxe2 11. Rxe2 Nbd7 12. Nxd7 Qxd7 13. Bxf6 gxf6 14. Qd2 Rxe2 15. Nxe2 Re8 16. Re1 Qe6 17. g3 Kg7 18. Kg2 h6 19. Qd3 a6 20. Qf3 Kh7 21. Kf1 Qh3+ 22. Qg2 Qf5 23. c3 Qd3 24. f4 Rg8 25. Qf2 h5 26. Kg2 h4 27. Nc1 Qf5 28. Kh1 hxg3 29. hxg3 Qh3+ 30. Qh2 Rxg3 31. Qxh3+ Rxh3+ 32. Kg2 Rh4 33. Nd3 Bxf4 34. Nxf4 Rxf4 35. Re7 b5 36. Rxf7+ Kg6 37. Rc7 Re4 38. Kf3 Re6 39. Ra7 a5 40. Rxa5 Kf5 41. b3 Re1 42. c4 bxc4 43. bxc4 Rf1+ 44. Ke2 Ra1 45. Kd3 Rd1+ 46. Ke3 Re1+ 47. Kd3 1/2-1/2

[Event "HUN-chT2 Breyer 0910"]
[Site "Hungary"]
[Date "2009.11.22"]
[Round "2"]
[White "Drexler, Mihaly"]
[Black "Ngo Tan, Don"]
[Result "0-1"]
[WhiteElo "1925"]
[BlackElo "1928"]
[PlyCount "54"]
[EventDate "2009.11.08"]
[EventType "team-tourn"]
[EventRounds "11"]
[EventCountry "HUN"]
[SourceTitle "EXT 2011"]
[Source "ChessBase"]
[SourceDate "2010.11.26"]
[SourceVersion "1"]
[SourceVersionDate "2010.11.26"]
[SourceQuality "1"]
[WhiteTeam "Zoltek"]
[BlackTeam "BEAC II"]
[WhiteTeamCountry "HUN"]
[BlackTeamCountry "HUN"]

1. e4 c5 2. Nf3 g6 3. d4 cxd4 4. Qxd4 Nf6 5. e5 Nc6 6. Qd1 Nxe5 7. Nc3 Nxf3+ 8. Qxf3 Bg7 9. Bf4 0-0 10. Bc4 Nh5 11. Bd2 Nf6 12. 0-0-0 d6 13. Qe2 Bd7 14. f3 Rc8 15. g4 Bc6 16. g5 Nh5 17. Bd5 Qb6 18. Be3 Qa5 19. Kb1 Bxc3 20. Bxc6 Qb4 21. Bc1 Rxc6 22. Qxe7 Rb6 23. b3 Be5 24. Rhe1 Qc3 25. Rxe5 Qxe5 26. Qc7 Qf5 27. f4 Rc8 0-1

[Event "HUN-chT2 Breyer 0506"]
[Site "Hungary"]
[Date "2005.11.13"]
[Round "3"]
[White "Hujber, Gyula"]
[Black "Drexler, Mihaly"]
[Result "1-0"]
[WhiteElo "2085"]
[BlackElo "1939"]
[PlyCount "85"]
[EventDate "2005.10.16"]
[EventType "team"]
[EventRounds "11"]
[EventCountry "HUN"]
[SourceTitle "EXT 2009"]
[Source "ChessBase"]
[SourceDate "2008.11.26"]
[SourceVersion "1"]
[SourceVersionDate "2008.11.26"]
[SourceQuality "1"]
[WhiteTeam "Kiraly Sakk"]
[BlackTeam "Zoltek"]
[WhiteTeamCountry "HUN"]
[BlackTeamCountry "HUN"]

1. e4 c5 2. c3 d5 3. exd5 Qxd5 4. d4 Nf6 5. Nf3 e6 6. Be2 Nc6 7. 0-0 Be7 8. Be3 cxd4 9. cxd4 0-0 10. Nc3 Qd8 11. Ne5 Bd7 12. Bf3 Rc8 13. Rc1 Qa5 14. Nxd7 Nxd7 15. d5 exd5 16. Nxd5 Qd8 17. Nxe7+ Qxe7 18. Bxc6 Rxc6 19. Rxc6 bxc6 20. Qa4 Ne5 21. Qxa7 Qh4 22. Qd4 Qh5 23. Rc1 Re8 24. h3 Qg6 25. Kh1 h6 26. a4 Qf5 27. a5 g5 28. a6 g4 29. Qf4 Qxf4 30. Bxf4 Nd3 31. Rc4 gxh3 32. gxh3 Nxf2+ 33. Kg2 Nd3 34. Bxh6 Re2+ 35. Kg3 Rxb2 36. Rxc6 Ra2 37. Be3 Nb4 38. Rc8+ Kh7 39. a7 Nd5 40. Bd4 Ne7 41. Rh8+ Kg6 42. Bc5 Nf5+ 43. Kf3 1-0

[Event "Gyongyos Matra Cup"]
[Site "Gyongyos"]
[Date "2004.08.04"]
[Round "8"]
[White "Jacso, Adam"]
[Black "Drexler, Mihaly"]
[Result "0-1"]
[WhiteElo "2027"]
[BlackElo "1909"]
[PlyCount "80"]
[EventDate "2004.07.27"]
[EventType "swiss"]
[EventRounds "9"]
[EventCountry "HUN"]
[SourceTitle "EXT 2008"]
[Source "ChessBase"]
[SourceDate "2007.11.25"]
[SourceVersion "1"]
[SourceVersionDate "2007.11.25"]
[SourceQuality "1"]

1. d4 d5 2. c4 e6 3. Nc3 Nf6 4. Bg5 Be7 5. e3 0-0 6. Qc2 b6 7. Nf3 Bb7 8. cxd5 Nxd5 9. Bxe7 Qxe7 10. Nxd5 Bxd5 11. Be2 Rc8 12. 0-0 c5 13. b3 Bb7 14. Rac1 Nd7 15. Qd2 cxd4 16. Qxd4 Nf6 17. Qa4 Rc5 18. b4 Rc7 19. a3 Nd5 20. Qb3 Rac8 21. Rxc7 Rxc7 22. Nd4 Nc3 23. Bf3 Bxf3 24. Nxf3 Qd7 25. h3 Qd3 26. Qb2 Ne2+ 27. Kh2 Rc2 28. Qe5 Rc8 29. Re1 h5 30. Qxh5 Qd6+ 31. Kh1 Nc1 32. Ne5 g6 33. Rd1 Nd3 34. Qf3 Nxf2+ 35. Qxf2 Qxd1+ 36. Kh2 Rc7 37. Qf4 Qd6 38. Nxg6 Qxf4+ 39. Nxf4 Rc3 40. a4 Rxe3 0-1